Горькая ягода: Повесть и рассказы

Dades bibliogràfiques
Autor principal: Кузнецова А. В. Алла Васильевна
Sumari:Исключено из фонда НТБ ТПУ
Idioma:rus
Publicat: Москва, Современник, 1988
Col·lecció:Новинки "Современника"
Format: MixedMaterials Llibre
KOHA link:https://koha.lib.tpu.ru/cgi-bin/koha/opac-detail.pl?biblionumber=142450

MARC

LEADER 00000nam0a2200000 4500
001 142450
005 20231031142743.0
010 |a 527000058X 
020 |a RU  |b 88-43034 
035 |a (RuTPU)RU\TPU\book\154376 
090 |a 142450 
100 |a 20080905d1988 m y0rusy5003 ca 
101 0 |a rus 
102 |a RU 
105 |a y z 000ay 
200 1 |a Горькая ягода  |e Повесть и рассказы  |f А. В. Кузнецова 
210 |a Москва  |c Современник  |d 1988 
215 |a 172,[2] с. 
225 1 |a Новинки "Современника" 
333 |a Исключено из фонда НТБ ТПУ 
700 1 |a Кузнецова  |b А. В.  |g Алла Васильевна 
801 0 |a RU  |b RuMRKP  |c 19950417  |g psbo 
801 1 |a RU  |b 63413507  |c 20080905  |g PSBO 
801 2 |a RU  |b 63413507  |c 20220516  |g PSBO 
942 |c BK